000
002600000a22000970004500
100
1
_a
Davidson, Allan K.
245
1
0
_a
The legacy of Robert Henry Codrington
300
_a
Vol. 27, Núm 4 (2003), Páginas 171-176
773
0
_t
International Bulletin
942
_c
ANA
999
_c
57223
_d
57223